000 01000nam a22002055i 4500
001 178712
003 ES-MaACL
005 20230906220605.0
008 110613s1974 sp |||| | spa d
080 _a159.922.76
100 1 _aVerdaguer Masllorens, Juan Manuel.
_9147156
245 1 1 _a"Problemas actuales que plantea el diagnóstico y tratamiento de los trastornos del comportamiento del niño en los centros médico psico-pedagógicos" /
_cresumen de la tesis presentada para aspirar al grado de doctor en medicina por Juan Manuel Verdaguer Masllorens.
260 _aBarcelona :
_bUniversidad de Barcelona, Secretariado de Publicaciones, Intercambio Científico y Extensión Universitaria :
_bEdiciones de la Universidad de Barcelona,
_c1974.
300 _a21 p. ;
_c24 cm.
500 _aCub. tomada como port.
504 _aBibliografía: p. 19-21.
650 4 _aNiños-
_xConducta.
_9136598
710 2 _aUniversidad de Barcelona.
_97141
852 _aES-MaACL
_jE-15361 (115)
_xOlim P-1374
999 _c178712
_d178712